| 000 | 00480nam a2200181Ia 4500 | ||
|---|---|---|---|
| 003 | GCL | ||
| 008 | 140319s9999 xx 000 0 eng d | ||
| 040 |
_aGCL / _cGCL |
||
| 082 | 0 | 4 |
_a915.692 _bM B |
| 100 | 1 | _aMILLET, RICHARD | |
| 245 | 1 | 0 |
_aUN BALCON A BEYROUTH RECIT / _cMILLET, RICHARD |
| 260 |
_a[S.N] : _bLA TABLE RONDE ، _c1994 |
||
| 300 | _a248 P | ||
| 650 | 0 | 4 | _aGEOGRAPHY |
| 650 | 0 | 4 | _aBEIRUT-DESCRIPTION AND TRAVEL |
| 650 | 0 | 4 | _aBEIRUT - GEOGRAPHY |
| 942 |
_2ddc _cBK |
||
| 999 |
_c16345 _d16345 |
||